Statistics for Alle endestopp på busser i Oslo

Click here to take the quiz!

General Stats

  • This quiz has been taken 142 times
    (122 since last reset)
  • The average score is 29 of 62

Answer Stats

Endestopp% Correct
Helsfyr T
87%
Nydalen T
87%
Tjuvholmen
84%
Majorstuen
82%
Oslo Bussterminal
82%
Skøyen
82%
Grorud T
80%
Fornebu
78%
Fornebu vest
78%
Kjelsås stasjon
73%
Lysaker
71%
Galgeberg
69%
Lørenskog stasjon
67%
Tåsen
67%
Bryn senter
62%
Bygdøy
62%
Ekeberg Hageby
62%
Simensbråten
62%
Mortensrud T
60%
Tonsenhagen
58%
Ellingsrudåsen T
56%
Filipstad
56%
Snarøya
56%
Vippetangen
56%
Voksen skog
56%
Holmlia stasjon
53%
Skullerud T
53%
Tveita T
53%
Furuset T
51%
Stovner T
51%
Brynseng T
49%
Røa T
49%
Ullerntoppen
49%
Maridalen
47%
Bøler T
44%
Jernbanetorget
44%
Grefsenkollen
42%
Lambertseter T
42%
Åsbråten
40%
Hauketo stasjon
40%
Økern T
40%
Solemskogen
40%
Kværnerbyen
36%
Sørkedalen
36%
Vika
36%
Bjørndal
33%
Linderudsletta
33%
Kolbotn
27%
Lutvann
27%
Rådhuset
27%
Tårnåsen
27%
Ulvøya
27%
Brenna
18%
Solfjellet
18%
Myrvoll stasjon
16%
Fløysbonn
13%
Svartskog
13%
Fugleåsen
9%
Krummedike
7%
Maikollen
7%
Seterbråten
7%
Asperudåsen
4%

Score Distribution

Percentile by Number Answered

Percent of People with Each Score

Your Score History

You have not taken this quiz since the last reset